000 00757cam a2200241 i 4500
001 000012849
005 20200929163103.0
008 790525m19801994pr b s001 0 spa
010 _a79015893
020 _a0847708608
040 _aDO-SdBNP
_cDLC
_dDLC
043 _anwpr---
050 0 0 _aKGV2919
_b.T74 1980
100 2 _aTrias Monge, Jose.
_929726
245 1 0 _aHistoria constitucional de Puerto Rico /
_cJose Trias Monge.
250 _a1a ed.
260 _aRio Piedras, P.R. :
_bEditorial Universitaria,
_c1980-<1994 >.
300 _av. <1-5 > ;
_c25 cm.
504 _aIncludes bibliographies and indexes.
650 0 _aConstitutional history
_zPuerto Rico.
_929727
910 _aCatalogación derivada
082 0 0 _a342.7295/029
_a347.2950229
_219
999 _c12497
_d12497